000
00248nam a2200097Ia 4500
001
939037
005
20250826215136.0
008
250824s9999 xx 000 0 und d
245
0
_a
ADANIN MİNİK ATI
_c
ERDAL ÇAKICIOĞLU
260
_b
AKVARYUM YAYINLARI
999
_c
939037
_d
939037